书目信息 |
| 题名: |
计算机语音技术 (修订本)
|
|
| 作者: | 朱民雄 , 黄健群 主编 | |
| 分册: | ||
| 出版信息: | 北京 航空航天 2002 |
|
| 页数: | 380 | |
| 开本: | 26cm | |
| 丛书名: | ||
| 单 册: | ||
| 中图分类: | TP37.46 | |
| 科图分类: | ||
| 主题词: | 计算技术 , 电子计算机 | |
| 电子资源: | ||
| ISBN: | 7-81077-129-9 | |
| 000 | 00667nam0 2200217 450 | |
| 001 | 0737190390 | |
| 005 | 20070818101950.39 | |
| 010 | @a7-81077-129-9@d¥39.00 | |
| 100 | @a20070818d km y0chiy0120 ea | |
| 101 | 0 | @achi |
| 200 | 1 | @a计算机语音技术 (修订本)@Aji suan ji yu yin ji shu(xiu ding ben)@f朱民雄,黄健群主编@Fzhu min xiong,huang jian qun zhu bian |
| 205 | @a修订版 | |
| 210 | @a北京@c航空航天@d2002 | |
| 215 | @a380@d26cm | |
| 606 | 0 | @a计算技术 |
| 606 | 0 | @a电子计算机 |
| 690 | @aTP37.46@v3 | |
| 701 | 0 | @a朱民雄@Azhu min xiong@4主编 |
| 701 | 0 | @a黄健群@Ahuang jian qun@4主编 |
| 801 | 0 | @aCN@bPFT@c20070818 |
| 905 | @a213230@dTP37.46@eJ46ZM@f1 | |
| 计算机语音技术 (修订本)/朱民雄,黄健群主编.-修订版.-北京:航空航天,2002 |
| 380;26cm |
| ISBN 7-81077-129-9:¥39.00 |
| ● |
| 相关链接 |
|
|
|
|
正题名:计算机语音技术 (修订本)
索取号:TP37.46/J46ZM
 
预约/预借
| 序号 | 登录号 | 条形码 | 馆藏地/架位号 | 状态 | 备注 |
| 1 | 6101082 | 261010827 | 密集书库—计算机科学学院/ [索取号:TP37.46/J46ZM] | 在馆 |